| 000 | 02735cam a2200457 i 4500 | ||
|---|---|---|---|
| 001 | 9385381 | ||
| 005 | 20220326193353.0 | ||
| 008 | 111228s2012 txu b 001 0 eng | ||
| 010 | _a 2011053252 | ||
| 020 | _a9780300146974 (hardback) | ||
| 020 | _a0300146973 (hardback) | ||
| 035 | _a(OCoLC)ocn711045555 | ||
| 035 | _a(OCoLC)711045555 | ||
| 035 | _a(NNC)9385381 | ||
| 040 |
_aDLC _erda _beng _cDLC _dYDX _dBTCTA _dERASA _dBDX _dYDXCP _dSMI _dBWX |
||
| 042 | _apcc | ||
| 043 |
_acl----- _an-us--- |
||
| 082 | 0 | 0 |
_a709.8 _bM986c |
| 100 |
_aRamírez, Mari Carmen, _91764 |
||
| 245 | 0 | 0 |
_aResisting categories : _bLatin American and/or Latino? / _corganized by Héctor Olea, Mari Carmen Ramírez, Tomás Ybarra-Frausto ; with document introductions by María C. Gaztambide ; edited by Héctor Olea and Melina Kervandjian. |
| 260 |
_aHouston : _bMuseum Fine Arts Houston ; _aNew Haven : _bDistributed by Yale University Press, _c©2012. |
||
| 300 |
_a1160 pages ; _c25 cm. |
||
| 490 | 1 |
_aCritical documents of 20th-century Latin American and Latino art ; _vv. I |
|
| 500 | _aThis book was published in conjunction with the launch of the Digital Archive of the International Center for the Arts of the Americas on January 19, 2012. | ||
| 504 | _aIncludes bibliographical references and index. | ||
| 505 | _t"This anthology of more than 165 seminal writings by influential twentieth- and twenty-first century artists and critics who explore and challenge complex definitions of what it means to be 'Latin American' or 'Latino' is designed to be an indispensable tool for the study of Latin American and Latino art"--Provided by publisher. | ||
| 520 | _a"This anthology of more than 165 seminal writings by influential twentieth- and twenty-first century artists and critics who explore and challenge complex definitions of what it means to be 'Latin American' or 'Latino' is designed to be an indispensable tool for the study of Latin American and Latino art"--Provided by publisher. | ||
| 650 | 0 |
_aArt, Latin American. _91415 |
|
| 650 | 0 |
_aHispanic American art. _95389 |
|
| 650 | 7 |
_aART / Caribbean & Latin American. _2bisacsh _95390 |
|
| 650 | 7 |
_aSOCIAL SCIENCE / Ethnic Studies / Hispanic American Studies. _2bisacsh _95391 |
|
| 650 | 7 |
_aART / Criticism & Theory. _2bisacsh _95392 |
|
| 700 | 1 |
_aRamírez, Mari Carmen, _d1955- _eeditor. _91740 |
|
| 700 | 1 |
_aYbarra-Frausto, Tomás, _d1938- _eeditor. _95393 |
|
| 700 | 1 |
_aOlea, Héctor, _eeditor. _95394 |
|
| 700 | 1 |
_aGaztambide, María C., _ewriter of added commentary. _95395 |
|
| 700 | 1 |
_aKervandjian, Melina, _eeditor. _95396 |
|
| 830 | 0 |
_aCritical documents of 20th-century Latin American and Latino art ; _vv. 1. _95397 |
|
| 948 | 1 |
_a20120417 _bc _crhg9 _dOSMC |
|
| 999 |
_c1006 _d1006 |
||